Feuille de route pour l’écologie politique (notice n° 1645564)
[ vue normale ]
| 000 -LEADER | |
|---|---|
| fixed length control field | 01972cam a2200169 4500500 |
| 005 - DATE AND TIME OF LATEST TRANSACTION | |
| control field | 20260208001851.0 |
| 041 ## - LANGUAGE CODE | |
| Language code of text/sound track or separate title | fre |
| 042 ## - AUTHENTICATION CODE | |
| Authentication code | dc |
| 100 10 - MAIN ENTRY--PERSONAL NAME | |
| Personal name | Lalonde, Brice |
| Relator term | author |
| 245 00 - TITLE STATEMENT | |
| Title | Feuille de route pour l’écologie politique |
| 260 ## - PUBLICATION, DISTRIBUTION, ETC. | |
| Date of publication, distribution, etc. | 2015.<br/> |
| 500 ## - GENERAL NOTE | |
| General note | 63 |
| 520 ## - SUMMARY, ETC. | |
| Summary, etc. | La présente chronique de droit international de l’environnement aborde dans un premier temps les problématiques sectorielles à savoir l’eau, le milieu marin, l’air et le climat, le sol ainsi que la biodiversité. Elle s’intéresse dans un second temps à la protection de l’environnement dépassant les réglementations sectorielles en abordant les thématiques suivantes : protection de l’environnement dans son ensemble, protection transversale, environnement et commerce, environnement et conflits armés, régimes territoriaux de protection et individualisation (droits à l’environnement, responsabilité civile). Les sources prises en compte sont les traités, les instruments non obligatoires ainsi que les décisions de justice les plus marquants. |
| 520 ## - SUMMARY, ETC. | |
| Summary, etc. | The present column covers the developments in the field of International Environmental Law over the last five yearsFirst, it deals with sectorial issues such as protection of water, marine environment, air and climate, soil and biodiversity. Secondly it considers environmental protection as a whole, transsectorial protection, environment and trade, environment and armed conflicts, territorial protection regimes (such as mountain areas) and individualization of international environmental law (rights to a healthy environment ; liability regimes). The legal sources taken into account are significant treaties, soft law instruments and judicial decisions. |
| 786 0# - DATA SOURCE ENTRY | |
| Note | Revue juridique de l’environnement | Volume 40 | 3 | 2015-08-27 | p. 404-406 | 0397-0299 |
| 856 41 - ELECTRONIC LOCATION AND ACCESS | |
| Uniform Resource Identifier | <a href="https://droit.cairn.info/revue-juridique-de-l-environnement-2015-3-page-404?lang=fr&redirect-ssocas=7080">https://droit.cairn.info/revue-juridique-de-l-environnement-2015-3-page-404?lang=fr&redirect-ssocas=7080</a> |
Pas d'exemplaire disponible.




Réseaux sociaux